| 000 | 00742cam a22002411a 4500 | ||
|---|---|---|---|
| 001 | sa 67001671 | ||
| 003 | DLC | ||
| 005 | 20260227112325.0 | ||
| 008 | 841127s1964 io 000 0 ind | ||
| 010 | _asa 67001671 | ||
| 025 | _aPL480:Indo-2912 | ||
| 035 | _a(OCoLC)11423028 | ||
| 040 |
_aDLC _cIU _dIU _dDLC |
||
| 042 | _apremarc | ||
| 043 | _ae-ne--- | ||
| 050 | 0 | 0 | _aLAW <Indonesia 7 Simon 1964> |
| 100 | 1 | _aSimons, D. | |
| 245 | 1 | 0 |
_aTerdjemahan Leerboek van het Nederlandsche strafrecht : _bBab. xvii, xviii, xix / _coleh D. Simons. |
| 260 |
_aJogjakarta : _bJajasan Badan Penerbit Gadjah Mada, _c[1964?] |
||
| 300 |
_a120 p. ; _c21 cm. |
||
| 500 | _aCover title. | ||
| 650 | 0 |
_aCriminal law _zNetherlands _xOutlines, syllabi, etc. |
|
| 999 |
_c72803 _d72803 |
||